| 000 | 00478nam a2200169Ia 4500 | ||
|---|---|---|---|
| 008 | 121108t2006 xxu||||| |||| 00| 0 sin d | ||
| 041 | _asin | ||
| 080 |
_aX8S1 _bRAN |
||
| 100 | _aSudarshi Kusumvarsha Ranasinghe | ||
| 245 | _aබැද්දට පෑයූ සඳ | ||
| 246 | _aBeddata Peyu Sanda | ||
| 260 |
_bSudarshi Kusumvarsha Ranasinghe _aPannipitiya _c2006 |
||
| 300 | _b48p., ill, 21 cm | ||
| 942 | _cBK | ||
| 999 |
_c75911 _d75911 |
||
| 003 | LK-CoDNM | ||
| 040 |
_aLK-CoDNM _dLK-CoDNM _eLK-CoDNM |
||